KOHA-Header-6

Data Structures AND Algorithm Analysis in C (Record no. 8048)

000 -LEADER
fixed length control field 00280nam a2200109Ia 4500
100 ## - MAIN ENTRY--AUTHOR NAME
Personal name Mark Allen
245 #0 - TITLE STATEMENT
Title Data Structures AND Algorithm Analysis in C
260 ## - PUBLICATION, DISTRIBUTION, ETC. (IMPRINT)
Place of publication New York
Name of publisher Microsoft Press
Year of publication 2000
300 ## - PHYSICAL DESCRIPTION
Number of Pages 441
942 ## - ADDED ENTRY ELEMENTS (KOHA)
Koha item type Books
Holdings
Withdrawn status Lost status Collection code Permanent Location Current Location Shelving location Date acquired Full call number Accession Number Koha item type
    Computer Science MAJU MAJU Shelf No.A19 2019-09-13 005.73 2404 Books

Powered by Koha